Normal view
MARC view
- ANIVERSARIOS
Entry Materia
001 - NÚMERO DE CONTROL DEL REGISTRO
- campo de control: 4801
003 - IDENTIFICADOR DE NUMERO DE CONTROL
- campo de control: UPN
005 - FECHA Y HORA DE LA ÚLTIMA TRANSACCIÓN
- campo de control: 20210219193645.0
008 - DATOS DE LONGITUD FIJA
- campo de control de longitud fija: nabaccnnaabn|||||||||| b |nc|||||d
035 ## - NÚMERO DE CONTROL DEL SISTEMA
- Número de control del sistema: UPN10000004801
040 ## - FUENTE DE LA CATALOGACIÓN
- Lengua de catalogación: SPA
- Agencia de transcripción: UPN
150 ## - ENCABEZAMIENTO - TEMÁTICO
- Término de materia o nombre geográfico como elemento inicial: ANIVERSARIOS
360 ## - REFERENCIA COMPLEJA DE VÉASE ADEMÁS - MATERIA
- Texto explicativo: Subdivisión
- Encabezamiento al que se remite: ANIVERSARIOS, ETC.
- Texto explicativo: bajo
- Encabezamiento al que se remite: BIOGRAFIA
- Texto explicativo: nombres de individuos, sucesos históricos, instituciones y lugares. Ej.:
- Encabezamiento al que se remite: HARVARD UNIVERSITY - ANIVERSARIOS, ETC. ; LINCOLN, ABRAHAM, PRESIDENTE DE E.U.A., 1809-1865 - ANIVERSARIOS, ETC.
- Texto explicativo: también subdivisión
- Encabezamiento al que se remite: CELEBRACIONES DE CENTENARIO, ETC.
- Texto explicativo: bajo nombres de lugares y sucesos históricos. Ej.:
- Encabezamiento al que se remite: COLORADO, E.U.A. - CELEBRACIONES DE CENTENARIO, ETC.
670 ## - FUENTE EN LA QUE SE LOCALIZARON DATOS
- Cita de la fuente: E
902 ## - CATALOGADOR
- Catalogador: MMA/260804
